| 000 | 02024nam0a2200397 4500 | ||
|---|---|---|---|
| 001 | RU\NLR\bibl\1708915 | ||
| 005 | 20260409065416.0 | ||
| 010 | _a978-5-02-036926-9 | ||
| 021 |
_aRU _b2010-87888 _95896 |
||
| 035 | _a(NLR Aleph) 001699955 | ||
| 090 |
_a1214045 _c1214045 |
||
| 100 | _a20101203d2010 k y0rusy50 ca | ||
| 101 | 0 | _arus | |
| 102 | _aRU | ||
| 105 | _aa ||||||||| | ||
| 200 | 1 |
_aКомплексное освоение месторождений и глубокая переработка минерального сырья _fК.Н. Трубецкой, В.А. Чантурия, Д.Р. Каплунов, М.В. Рыльникова _gРос. акад. наук, Ин-т проблем комплекс. освоения недр |
|
| 210 |
_aМосква _cНаука _d2010 |
||
| 215 |
_a436, [1] с. _cил. _d24 |
||
| 313 | _aГлубокая переработка минерального сырья заключается в обогащении его | ||
| 320 | _aБиблиогр.: с. 424-434 (187 назв.) | ||
| 606 | 1 |
_aТвердые полезные ископаемые _xМесторождения _xОсвоение комплексное _92624359 _3RU\NLR\auth\661560919 |
|
| 606 | 1 |
_aМинеральное сырье _xДобыча _92231807 _3RU\NLR\auth\661339535 |
|
| 606 |
_aОбогащение (горн.) _3RU\NLR\auth\6627815 _9937805 |
||
| 686 | _aД450.8 | ||
| 686 | _aИ346 | ||
| 686 | _aИ41 | ||
| 701 | 1 |
_aТрубецкой _bК. Н. _gКлимент Николаевич _4070 |
|
| 701 | 1 |
_4070 _8rus _7ca _aЧантурия _bВ. А. _f1938- _gВалентин Алексеевич _3RU\NLR\AUTH\7744490 _927430 |
|
| 701 | 1 |
_aКаплунов _bД. Р. _gДавид Родионович _4070 |
|
| 701 | 1 |
_aРыльникова _bМ. В. _gМарина Владимировна _4070 |
|
| 801 | 0 |
_aRU _bNLR _c20101203 _gRCR |
|
| 801 | 1 |
_aRU _bNLR _c20101203 |
|
| 942 | _cBOOK | ||
| 980 | _aNB | ||